| 000 | 01045cam a22002894a 4500 | ||
|---|---|---|---|
| 001 | 14000612 | ||
| 003 | PILC | ||
| 005 | 20160525091843.0 | ||
| 008 | 050613s2006 flua b 001 0 eng | ||
| 010 | _a 2005049280 | ||
| 020 | _a9781680941104 | ||
| 040 |
_aDLC _cDLC _dDLC |
||
| 042 | _apcc | ||
| 050 | 0 | 0 |
_aQA 76.9.A73 _b.Ad244 2015 |
| 082 | 0 | 0 | _a004.2/2 |
| 245 | 1 | 0 |
_aAdvanced computer architectures / _ceditor Wen Kwok. |
| 260 |
_aNew York : _bArcler Press, _c2015. |
||
| 300 |
_a261 pages : _billustrations ; _c24 cm. |
||
| 500 | _aIncludes bibliographical references and index. | ||
| 650 | 0 | _aComputer architecture. | |
| 650 | 0 | _aHigh performance computing. | |
| 650 | 0 | _aParallel computers. | |
| 856 | 4 | 2 |
_3Publisher description _uhttp://www.loc.gov/catdir/enhancements/fy0648/2005049280-d.html |
| 906 |
_a7 _bcbc _corignew _d1 _eocip _f20 _gy-gencatlg |
||
| 942 |
_2lcc _cBK |
||
| 999 |
_c294972 _d294972 |
||